[Event "TCh-FRA Top 12 2016"]
[Site "Drancy FRA"]
[Date "2016.05.28"]
[Round "1.1"]
[Board "1"]
[White "Bauer, Christian"]
[Black "Bacrot, Etienne"]
[Result "0-1"]
[WhiteTitle "GM"]
[BlackTitle "GM"]
[WhiteElo "2634"]
[BlackElo "2702"]
[WhiteTeam "C.E. de BOIS COLOMBES"]
[BlackTeam "BISCHWILLER"]
[WhiteFideId "603767"]
[BlackFideId "605506"]
[EventDate "2016.05.28"]

1. e4 e5 2. Nf3 Nc6 3. d4 exd4 4. Nxd4 Nf6 5. Nxc6 bxc6 6. Qe2 Bc5 7. e5 Nd5 8.
Qg4 g6 9. c4 Nb6 10. Bg5 Be7 11. Bh6 Bf8 12. Qf4 Bxh6 13. Qxh6 Qe7 14. Nc3 Qxe5+
15. Kd2 Qd4+ 16. Kc2 Qxf2+ 17. Be2 d6 18. Raf1 Bf5+ 19. Kc1 Qd4 20. Rd1 Qc5 21.
Qg5 O-O 22. Qf4 f6 23. g4 Be6 24. Rd4 Qg5 25. Rf1 Rae8 26. Qd2 Qxd2+ 27. Kxd2
Kg7 28. b3 Nd7 29. Rdf4 h6 30. Nd1 f5 31. gxf5 Rxf5 32. Rxf5 Bxf5 33. Ne3 Be6
34. Bf3 Ne5 35. Bg2 c5 0-1

[Event "TCh-FRA Top 12 2016"]
[Site "Drancy FRA"]
[Date "2016.05.28"]
[Round "1.1"]
[Board "2"]
[White "Rodshtein, Maxim"]
[Black "Duda, Jan-Krzysztof"]
[Result "1/2-1/2"]
[WhiteTitle "GM"]
[BlackTitle "GM"]
[WhiteElo "2689"]
[BlackElo "2666"]
[WhiteTeam "BISCHWILLER"]
[BlackTeam "C.E. de BOIS COLOMBES"]
[WhiteFideId "2806851"]
[BlackFideId "1170546"]
[EventDate "2016.05.28"]

1. d4 d5 2. c4 c6 3. Nf3 Nf6 4. e3 e6 5. b3 c5 6. cxd5 Nxd5 7. Bb2 cxd4 8. Nxd4
Bb4+ 9. Nd2 O-O 10. a3 Bc3 11. Bxc3 Nxc3 12. Qc2 Nd5 13. Bd3 h6 14. Bh7+ Kh8 15.
Be4 b6 16. O-O Bb7 17. Nc4 Qe7 18. Rfd1 Rd8 19. Rac1 Nd7 20. Nf5 exf5 21. Bxd5
Bxd5 22. Rxd5 g6 23. Rcd1 Nf6 24. R5d4 Kg8 25. h3 Rxd4 26. Rxd4 Ne4 27. Qd1 h5
28. a4 Re8 29. Nd6 Nxd6 30. Rxd6 Qe5 31. Rd5 Qf6 32. Rd4 Rc8 33. b4 Qc6 34. b5
Qc1 35. Qxc1 Rxc1+ 36. Kh2 Rc7 37. Kg3 Kg7 38. Kf4 1/2-1/2

[Event "TCh-FRA Top 12 2016"]
[Site "Drancy FRA"]
[Date "2016.05.28"]
[Round "1.1"]
[Board "3"]
[White "Cornette, Matthieu"]
[Black "Naiditsch, Arkadij"]
[Result "0-1"]
[WhiteTitle "GM"]
[BlackTitle "GM"]
[WhiteElo "2579"]
[BlackElo "2663"]
[WhiteTeam "C.E. de BOIS COLOMBES"]
[BlackTeam "BISCHWILLER"]
[WhiteFideId "620084"]
[BlackFideId "4650891"]
[EventDate "2016.05.28"]

1. e4 c5 2. Nf3 d6 3. Bb5+ Bd7 4. Bxd7+ Qxd7 5. c4 e5 6. Nc3 Nc6 7. a3 Nge7 8.
O-O f5 9. b4 f4 10. Nd5 b6 11. Ng5 Ng6 12. Qh5 Be7 13. Nxh7 Kf7 14. Bb2 Rxh7 0-1

[Event "TCh-FRA Top 12 2016"]
[Site "Drancy FRA"]
[Date "2016.05.28"]
[Round "1.1"]
[Board "4"]
[White "Edouard, Romain"]
[Black "Ipatov, Alexander"]
[Result "1/2-1/2"]
[WhiteTitle "GM"]
[BlackTitle "GM"]
[WhiteElo "2641"]
[BlackElo "2648"]
[WhiteTeam "BISCHWILLER"]
[BlackTeam "C.E. de BOIS COLOMBES"]
[WhiteFideId "633429"]
[BlackFideId "14116731"]
[EventDate "2016.05.28"]

1. d4 Nf6 2. c4 g6 3. Nc3 d5 4. Nf3 Bg7 5. Bf4 O-O 6. Rc1 dxc4 7. e3 Nbd7 8.
Bxc4 Nh5 9. O-O Nxf4 10. exf4 Nb6 11. Bb3 Bg4 12. d5 a5 13. a4 Qd6 14. h3 Bd7
15. Ne5 Bxe5 16. fxe5 Qxe5 17. Re1 Qf4 18. Ne4 Rad8 19. Qc2 Bf5 20. Qxc7 Nxd5
21. Bxd5 Qxc7 22. Bxf7+ Rxf7 23. Rxc7 Bxe4 24. Rxe4 Rd1+ 25. Kh2 Rd2 26. Rxb7
Rfxf2 27. Rg4 Kf7 28. b3 Kf6 29. Rb6+ e6 30. Rb8 h5 31. Rg3 Rf5 32. b4 Ke5 1/2-1/2

[Event "TCh-FRA Top 12 2016"]
[Site "Drancy FRA"]
[Date "2016.05.28"]
[Round "1.1"]
[Board "5"]
[White "Maze, Sebastien"]
[Black "Pelletier, Yannick"]
[Result "1-0"]
[WhiteTitle "GM"]
[BlackTitle "GM"]
[WhiteElo "2614"]
[BlackElo "2558"]
[WhiteTeam "C.E. de BOIS COLOMBES"]
[BlackTeam "BISCHWILLER"]
[WhiteFideId "613762"]
[BlackFideId "1301837"]
[EventDate "2016.05.28"]

1. Nf3 Nf6 2. g3 d5 3. Bg2 c6 4. O-O Bg4 5. d3 Nbd7 6. h3 Bh5 7. Qe1 e5 8. e4
dxe4 9. dxe4 Be7 10. Nbd2 O-O 11. Nc4 Qc7 12. Nh4 Rfe8 13. a4 Bf8 14. Bg5 h6 15.
Bd2 Nc5 16. b4 Ne6 17. c3 Rad8 18. a5 b5 19. axb6 axb6 20. Be3 c5 21. b5 Nd4 22.
g4 Nc2 23. Qe2 Nxa1 24. Rxa1 Bg6 25. Nxg6 fxg6 26. Ra6 Rb8 27. Qa2 Kh7 28. f3
Rb7 29. Bf1 Nd7 30. Bf2 Be7 31. Ne3 Bg5 32. Nd5 Qd6 33. Bc4 Rf8 34. Kg2 Nb8 35.
Ra3 Rbf7 36. Be2 Nd7 37. Ra7 Bd8 38. Ne3 Bg5 39. Nd5 Bd8 40. Bg3 Qe6 41. Ne3
Qxa2 42. Rxa2 Bg5 43. Nd5 Bf4 44. Bh4 g5 45. Bf2 Bc1 46. Be1 Rd8 47. Ra7 Rf6 48.
Nxf6+ Nxf6 49. Rb7 Bd2 50. Kf1 Nxe4 51. fxe4 Rf8+ 52. Bf2 Be3 53. Rxb6 Bxf2 54.
Bc4 Bd4+ 55. Ke2 Bxc3 56. Be6 c4 57. Bf5+ Kg8 58. Rc6 Bd4 59. Be6+ Kh7 60. Bxc4
Rf2+ 61. Kd3 Rh2 62. Bf7 Rxh3+ 63. Kc4 g6 64. Bxg6+ Kg7 65. Bf5 h5 66. gxh5 Rxh5
67. b6 Rh1 68. b7 Rb1 69. Rc7+ Kf6 70. Kd5 Rb4 71. Kc6 Rb6+ 72. Kd7 Rb4 73. Rc6+
Kf7 74. Be6+ 1-0

[Event "TCh-FRA Top 12 2016"]
[Site "Drancy FRA"]
[Date "2016.05.28"]
[Round "1.1"]
[Board "6"]
[White "Le Roux, Jean-Pierre"]
[Black "Bachmann, Axel"]
[Result "1/2-1/2"]
[WhiteTitle "GM"]
[BlackTitle "GM"]
[WhiteElo "2549"]
[BlackElo "2632"]
[WhiteTeam "BISCHWILLER"]
[BlackTeam "C.E. de BOIS COLOMBES"]
[WhiteFideId "609404"]
[BlackFideId "3700488"]
[EventDate "2016.05.28"]

1. e4 c5 2. Nf3 e6 3. b3 b6 4. d4 cxd4 5. Nxd4 Bb7 6. Nb5 Nf6 7. Bf4 Na6 8. N1c3
d5 9. exd5 Nxd5 10. Nxd5 Bxd5 11. Qd4 Nb4 12. O-O-O Rc8 13. c4 a6 14. Kb2 axb5
15. cxd5 Qxd5 16. Qxd5 Nxd5 17. Bxb5+ Ke7 18. Bg5+ f6 19. Rhe1 Rd8 20. Bd2 Kf7
21. Rc1 Bc5 22. Re2 Rd6 23. Bc4 Rhd8 24. g3 g5 25. Be1 Bd4+ 26. Kb1 f5 27. Bd2
g4 28. Rce1 Bf6 29. Rc1 h5 30. a4 Bd4 31. Rf1 Kf6 32. f3 Nc3+ 33. Bxc3 Bxc3 34.
f4 h4 35. Rc1 Bd2 36. Rc2 h3 37. Kb2 Bb4 38. Re5 Bc5 39. Ree2 Rc8 40. Re1 Bb4
41. Re5 Rcd8 42. Ree2 Rc6 43. Re5 Rd4 44. Rce2 Rd2+ 45. Rxd2 Bxd2 46. Kc2 Bb4
47. Re2 Rd6 48. Kc1 Ke7 49. Kc2 Kf7 50. Kc1 Kf6 51. Kc2 Bc5 52. Kc3 Bd4+ 53. Kc2
e5 54. fxe5+ Bxe5 55. b4 Rd4 56. Kb3 Rd1 57. a5 Rb1+ 58. Ka3 Ra1+ 59. Ba2 bxa5
60. bxa5 Rc1 61. Ka4 f4 62. gxf4 Bxf4 63. a6 Bb8 64. Re6+ Kg5 65. Re8 Ba7 66.
Be6 g3 67. Rg8+ Kf6 68. Rxg3 Kxe6 69. Rxh3 Kd5 70. Kb3 Bd4 71. Rh5+ Kc6 72. Ra5
Ba7 73. h4 Rh1 74. h5 Rh3+ 75. Kc4 Rh4+ 76. Kd3 Kb6 77. Ra1 Rxh5 78. Ke4 Bb8 79.
Kd3 Ka7 80. Kc4 Bc7 81. Kb4 Bd6+ 82. Kc4 Rc5+ 83. Kb3 Bb8 84. Kb4 Rc8 85. Ra2
Kb6 86. Kb3 Rh8 87. Kb4 Ba7 88. Ra1 Rh4+ 89. Kc3 Kb5 90. Kd3 Rh8 91. Ra2 Bb6 92.
Ke4 Ba5 93. a7 Ra8 94. Rb2+ Kc6 95. Rc2+ Kd6 96. Rh2 Rxa7 97. Rh6+ Kc5 98. Rh5+
Kc4 99. Re5 Bb4 100. Re8 Ra1 101. Rd8 Bc5 102. Rd7 Re1+ 103. Kf5 Bd4 104. Rh7
Rf1+ 105. Ke4 Re1+ 106. Kf5 Re5+ 107. Kf4 Ra5 108. Ke4 Ra8 109. Kf4 Re8 110. Kf5
Be5 111. Rd7 Kc5 112. Ra7 Bd6 113. Ra5+ Kc6 114. Ra6+ Kd5 115. Ra5+ Bc5 116. Ra6
Re5+ 117. Kf4 Re2 118. Ra8 Rf2+ 119. Kg4 Bd4 120. Kg3 Rf7 121. Re8 Be5+ 122. Kg2
Ke4 123. Re6 Ra7 124. Re8 Ra2+ 125. Kf1 Rb2 126. Re7 Rh2 127. Ke1 Kd4 128. Kf1
Bf4 129. Re2 Rh8 130. Re7 Be5 131. Re6 Ke4 132. Ke1 Rh5 133. Ke2 Rh2+ 134. Ke1
Kd4 135. Kf1 Bf4 136. Re2 Rh8 137. Re7 Kd3 138. Kf2 Rf8 139. Re6 Be5+ 140. Kg2
Rf5 141. Ra6 Ke4 142. Ra4+ Bd4 143. Ra3 Rf2+ 144. Kg3 Rf1 145. Kg4 Rg1+ 146. Rg3
Be5 1/2-1/2

[Event "TCh-FRA Top 12 2016"]
[Site "Drancy FRA"]
[Date "2016.05.28"]
[Round "1.1"]
[Board "7"]
[White "Vuilleumier, Alexandre"]
[Black "Schlosser, Philipp"]
[Result "1/2-1/2"]
[WhiteTitle "IM"]
[BlackTitle "GM"]
[WhiteElo "2384"]
[BlackElo "2539"]
[WhiteTeam "C.E. de BOIS COLOMBES"]
[BlackTeam "BISCHWILLER"]
[WhiteFideId "1305662"]
[BlackFideId "4600169"]
[EventDate "2016.05.28"]

1. d4 Nf6 2. Nf3 e6 3. Bf4 b6 4. e3 Be7 5. h3 O-O 6. Nbd2 c5 7. c3 Ba6 8. Bxa6
Nxa6 9. Qe2 Qc8 10. O-O Qb7 11. Ne5 Rfc8 12. a4 Nc7 13. Bh2 Nce8 14. f4 Nd6 15.
g4 Nfe4 16. f5 f6 17. Nd3 exf5 18. gxf5 c4 19. Ne1 Nxd2 20. Qxd2 Ne4 21. Qe2 d5
22. Ng2 Qd7 23. Qh5 Bd6 24. Bxd6 Qxd6 25. Qg4 Re8 26. Nf4 Re7 27. Rae1 Rae8 28.
Re2 a6 29. h4 b5 30. axb5 axb5 31. Ra1 Qc6 32. Rg2 Ra8 33. Rxa8+ Qxa8 34. Ne6
Qb7 35. h5 h6 36. Qf4 Ng5 37. Qd6 Qd7 38. Qxd7 Rxd7 39. Nf4 Nf3+ 40. Kf2 Nh4 41.
Rg1 Nxf5 42. Ra1 Ne7 43. Ra8+ Kf7 44. Rb8 g5 45. hxg6+ Nxg6 46. Nh5 Nf8 47. Rxb5
Ne6 48. Rb6 Re7 49. e4 dxe4 50. d5 e3+ 51. Ke2 Nc5 52. Rxf6+ Ke8 53. Nf4 Re4 54.
Ng2 Nd3 55. Nxe3 Nxb2 56. Kf3 Rh4 57. Rf4 Rh3+ 58. Ke4 Na4 59. Kd4 Nxc3 60. Kxc3
Rxe3+ 61. Kxc4 1/2-1/2

[Event "TCh-FRA Top 12 2016"]
[Site "Drancy FRA"]
[Date "2016.05.28"]
[Round "1.1"]
[Board "8"]
[White "Maisuradze, Nino"]
[Black "Guichard, Pauline"]
[Result "0-1"]
[WhiteTitle "WGM"]
[BlackTitle "WGM"]
[WhiteElo "2239"]
[BlackElo "2386"]
[WhiteTeam "BISCHWILLER"]
[BlackTeam "C.E. de BOIS COLOMBES"]
[WhiteFideId "13601717"]
[BlackFideId "639370"]
[EventDate "2016.05.28"]

1. d4 Nf6 2. c4 e6 3. Nf3 Bb4+ 4. Bd2 a5 5. g3 d6 6. Bg2 Nc6 7. O-O Bxd2 8. Qxd2
O-O 9. Nc3 e5 10. dxe5 Nxe5 11. Nxe5 dxe5 12. Qxd8 Rxd8 13. Rfd1 Bd7 14. Bxb7
Rab8 15. Bf3 Rxb2 16. Nd5 Kf8 17. Nxf6 gxf6 18. Rd5 Ke7 19. Rxa5 Bh3 20. a4 Ra2
21. Rb1 Rdd2 22. Rc5 e4 23. Bxe4 Rxe2 24. Rxc7+ Kd6 25. Rc6+ Ke5 26. Bf3 Rxf2
27. Re1+ Kf5 28. Rc5+ Kg6 29. Be4+ f5 30. Bb7 Bg2 31. Bd5 Bxd5 32. cxd5 Rg2+ 33.
Kh1 Rxh2+ 34. Kg1 Rhg2+ 35. Kh1 Rxg3 36. a5 Ra4 37. Re2 h5 38. d6 Rh4+ 39. Rh2
Rd4 40. Rf2 Rh4+ 41. Rh2 Rd4 42. Rf2 Rxd6 43. Rcxf5 f6 44. R5f3 Rxf3 45. Rxf3
Rd1+ 46. Kg2 Ra1 47. Rg3+ Kf7 48. Kf3 Rxa5 49. Kf4 Ra1 50. Rg2 Ra8 51. Rh2 Ra4+
52. Kf5 Ra5+ 53. Kf4 Kg6 54. Rg2+ Rg5 55. Ra2 Rg4+ 56. Kf3 Rb4 57. Ra5 Rg4 58.
Rb5 Rg5 59. Rb8 Ra5 60. Rh8 Ra3+ 61. Kf4 Ra4+ 62. Kf3 Kg5 63. Rg8+ Kf5 64. Rh8
Ra3+ 65. Kg2 Kg4 66. Rg8+ Kf4 67. Rh8 Ra5 68. Rb8 f5 69. Rb4+ Kg5 70. Rb3 Ra4
71. Kf3 h4 72. Rc3 Rg4 73. Rc8 Rg3+ 74. Kf2 Ra3 75. Rb8 Kg4 76. Rb4+ f4 77. Rb8
Ra2+ 78. Kg1 Ra1+ 79. Kf2 Ra2+ 80. Kg1 Kg3 81. Rg8+ Kf3 82. Rh8 Rb2 83. Rh7 Re2
84. Rh8 Re5 85. Kf1 Rd5 86. Kg1 Rg5+ 87. Kh2 Kg4 88. Kg2 Rg7 89. Kf2 h3 90. Ra8
Rg5 91. Ra1 Kh4 92. Kf3 h2 93. Kf2 Rg1 0-1

[Event "TCh-FRA Top 12 2016"]
[Site "Drancy FRA"]
[Date "2016.05.28"]
[Round "1.2"]
[Board "1"]
[White "Solodovnichenko, Yuri"]
[Black "Gharamian, Tigran"]
[Result "1/2-1/2"]
[WhiteTitle "GM"]
[BlackTitle "GM"]
[WhiteElo "2587"]
[BlackElo "2627"]
[WhiteTeam "VANDOEUVRE Echecs"]
[BlackTeam "NICE Alekhine"]
[WhiteFideId "14104369"]
[BlackFideId "13301527"]
[EventDate "2016.05.28"]

1. e4 e5 2. Nf3 Nc6 3. Bb5 Nf6 4. O-O Nxe4 5. d4 Nd6 6. Bg5 Be7 7. Bxe7 Qxe7 8.
Bxc6 dxc6 9. dxe5 Ne4 10. Qe2 Ng5 11. Nxg5 Qxg5 12. f4 Qg6 13. Na3 Bf5 14. Qf2
O-O 15. Nc4 b6 16. Ne3 Rae8 17. Rae1 f6 18. exf6 Qxf6 19. Nxf5 Qxf5 20. g3 h6
21. c3 Qb5 22. b3 a5 23. Re3 a4 24. c4 Qb4 25. Rfe1 Rd8 26. Kg2 axb3 27. axb3 b5
28. cxb5 cxb5 29. Qf3 c5 30. Re7 Rf7 31. Re8+ Rf8 32. R8e7 Rf7 33. Re8+ Rf8 34.
R8e4 c4 35. bxc4 bxc4 36. R1e2 Rd7 37. Qg4 Rc7 38. Rc2 Qd6 1/2-1/2

[Event "TCh-FRA Top 12 2016"]
[Site "Drancy FRA"]
[Date "2016.05.28"]
[Round "1.2"]
[Board "2"]
[White "Wagner, Dennis"]
[Black "Donchenko, Alexander"]
[Result "0-1"]
[WhiteTitle "GM"]
[BlackTitle "GM"]
[WhiteElo "2571"]
[BlackElo "2569"]
[WhiteTeam "NICE Alekhine"]
[BlackTeam "VANDOEUVRE Echecs"]
[WhiteFideId "24650684"]
[BlackFideId "24603295"]
[EventDate "2016.05.28"]

1. d4 Nf6 2. c4 e6 3. Nc3 Bb4 4. Nf3 b6 5. Bg5 Bb7 6. e3 h6 7. Bh4 g5 8. Bg3 Ne4
9. Qc2 d6 10. Bd3 Bxc3+ 11. bxc3 f5 12. c5 Nd7 13. cxd6 cxd6 14. O-O Ndf6 15. c4
O-O 16. a4 Rf7 17. a5 bxa5 18. Nd2 Rc8 19. Nxe4 Nxe4 20. f3 Nxg3 21. hxg3 Ba6
22. Qe2 e5 23. g4 exd4 24. gxf5 dxe3 25. Qxe3 Bxc4 26. Bxc4 Rxc4 27. Rab1 Qc8
28. Rfd1 Qc5 29. Qxc5 dxc5 30. Rb8+ Kg7 31. g4 h5 32. gxh5 Rf4 33. Rdd8 R4xf5
34. Kg2 a4 35. Rh8 a3 36. Rbg8+ Kf6 37. Rh6+ Ke5 38. Ra6 Rxf3 39. Rxg5+ R3f5 40.
Rxf5+ Rxf5 41. h6 Rh5 42. Kf2 a2 43. Rxa2 Rh2+ 44. Kg1 Rxh6 45. Kf1 Rh1+ 46. Kg2
Rh7 47. Kf1 Kd4 48. Ra4+ Kd3 49. Ke1 c4 50. Ra6 c3 51. Rd6+ Kc2 0-1

[Event "TCh-FRA Top 12 2016"]
[Site "Drancy FRA"]
[Date "2016.05.28"]
[Round "1.2"]
[Board "3"]
[White "Bailet, Pierre"]
[Black "Rambaldi, Francesco"]
[Result "1-0"]
[WhiteTitle "IM"]
[BlackTitle "GM"]
[WhiteElo "2499"]
[BlackElo "2554"]
[WhiteTeam "VANDOEUVRE Echecs"]
[BlackTeam "NICE Alekhine"]
[WhiteFideId "655830"]
[BlackFideId "20657307"]
[EventDate "2016.05.28"]

1. e4 c5 2. Nf3 Nc6 3. d4 cxd4 4. Nxd4 Nf6 5. Nc3 e5 6. Ndb5 d6 7. Bg5 a6 8. Na3
b5 9. Bxf6 gxf6 10. Nd5 Be6 11. Bd3 f5 12. O-O Bxd5 13. exd5 Ne7 14. c3 Bg7 15.
Qh5 e4 16. Bc2 Qc8 17. Rae1 O-O 18. Bb3 Ng6 19. Nc2 a5 20. Ne3 a4 21. Bc2 a3 22.
Nxf5 axb2 23. Rxe4 Qxc3 24. Bb1 Rfe8 25. Nxd6 Rxe4 26. Nxe4 Qc1 27. d6 Nf4 28.
Qxb5 Ne6 29. g3 Nd4 30. Qd5 Rd8 31. Kg2 h6 32. a4 Nc2 33. Qa5 Rf8 34. d7 f5 35.
d8=Q fxe4 36. Qxf8+ Bxf8 37. Qc3 Ne1+ 38. Qxe1 1-0

[Event "TCh-FRA Top 12 2016"]
[Site "Drancy FRA"]
[Date "2016.05.28"]
[Round "1.2"]
[Board "4"]
[White "Stevic, Hrvoje"]
[Black "Hamitevici, Vladimir"]
[Result "1-0"]
[WhiteTitle "GM"]
[BlackTitle "IM"]
[WhiteElo "2607"]
[BlackElo "2468"]
[WhiteTeam "NICE Alekhine"]
[BlackTeam "VANDOEUVRE Echecs"]
[WhiteFideId "14502569"]
[BlackFideId "13902393"]
[EventDate "2016.05.28"]

1. e4 g6 2. d4 Bg7 3. Nc3 d6 4. Be3 a6 5. Qd2 Nd7 6. h4 Ngf6 7. f3 b5 8. g4 h6
9. O-O-O Nb6 10. Bd3 h5 11. g5 Nfd7 12. f4 Bb7 13. Qf2 b4 14. Nce2 d5 15. Ng3
dxe4 16. Bxe4 Bxe4 17. Nxe4 Nd5 18. Nf3 e6 19. Ne5 O-O 20. Rh3 a5 21. Bd2 N7b6
22. Kb1 Nc8 23. Qe2 Nd6 24. Nc5 Re8 25. Qd3 Nf5 26. Qe4 Qd6 27. Be1 Reb8 28. Rf3
Rb5 29. Bf2 a4 30. Qe2 c6 31. Ne4 Qc7 32. Qc4 Rc8 33. Qe2 a3 34. b3 Nd6 35. c4
bxc3 36. Nxc3 Rb4 37. Rc1 Qb7 38. Nxg6 Nxc3+ 39. Rfxc3 fxg6 40. Qxe6+ Nf7 41. f5
gxf5 42. g6 Rf8 43. Rxc6 Kh8 44. gxf7 Qxf7 45. Rg1 Qxe6 46. Rxe6 Rf7 47. Rg5
Bxd4 48. Rh6+ Rh7 49. Rd6 1-0

[Event "TCh-FRA Top 12 2016"]
[Site "Drancy FRA"]
[Date "2016.05.28"]
[Round "1.2"]
[Board "5"]
[White "Brunner, Nicolas"]
[Black "Palac, Mladen"]
[Result "1/2-1/2"]
[WhiteTitle "IM"]
[BlackTitle "GM"]
[WhiteElo "2442"]
[BlackElo "2577"]
[WhiteTeam "VANDOEUVRE Echecs"]
[BlackTeam "NICE Alekhine"]
[WhiteFideId "620246"]
[BlackFideId "14500116"]
[EventDate "2016.05.28"]

1. d4 Nf6 2. c4 e6 3. Nc3 Bb4 4. e3 O-O 5. Bd3 d5 6. Nf3 b6 7. O-O Bb7 8. cxd5
exd5 9. Ne5 Bd6 10. f4 c5 11. Qf3 Nc6 12. Qh3 h6 13. Rf3 cxd4 14. exd4 Nxd4 15.
Rg3 Kh8 16. f5 Bxe5 17. Rxg7 Kxg7 18. Qxh6+ Kg8 19. Qg5+ Kh8 20. Qh6+ Kg8 1/2-1/2

[Event "TCh-FRA Top 12 2016"]
[Site "Drancy FRA"]
[Date "2016.05.28"]
[Round "1.2"]
[Board "6"]
[White "Sulava, Nenad"]
[Black "Le Corre, Benjamin"]
[Result "1-0"]
[WhiteTitle "GM"]
[BlackTitle "FM"]
[WhiteElo "2416"]
[BlackElo "2351"]
[WhiteTeam "NICE Alekhine"]
[BlackTeam "VANDOEUVRE Echecs"]
[WhiteFideId "14500205"]
[BlackFideId "639605"]
[EventDate "2016.05.28"]

1. d4 Nf6 2. Nf3 g6 3. c4 Bg7 4. Nc3 O-O 5. e4 d6 6. h3 a6 7. Be3 c6 8. c5 b5 9.
cxb6 Qxb6 10. b3 Bb7 11. Bd3 Nbd7 12. O-O Rfd8 13. Rc1 Rac8 14. Qe2 Qa7 15. Rfd1
d5 16. e5 Ne8 17. Na4 Nc7 18. h4 Ne6 19. h5 Qa8 20. hxg6 hxg6 21. Ng5 Ndf8 22.
Nb6 Qa7 23. Nxc8 Rxc8 24. Nxe6 Nxe6 25. Qg4 Nf8 26. Qh4 Rc7 27. Be2 Bc8 28. Bh6
Bf5 29. g4 Bc8 30. Bxg7 Kxg7 31. Rc3 f6 32. Rh3 Be6 33. Qh8+ Kf7 34. Rf3 Bxg4
35. exf6 Bxf3 36. Qg7+ Ke6 37. Bxf3 exf6 38. Qxf8 Kf5 39. Qd6 1-0

[Event "TCh-FRA Top 12 2016"]
[Site "Drancy FRA"]
[Date "2016.05.28"]
[Round "1.2"]
[Board "7"]
[White "Iglesias, Joachim"]
[Black "Babault, Patrice"]
[Result "0-1"]
[BlackTitle "FM"]
[WhiteElo "2292"]
[BlackElo "2412"]
[WhiteTeam "VANDOEUVRE Echecs"]
[BlackTeam "NICE Alekhine"]
[WhiteFideId "637823"]
[BlackFideId "623822"]
[EventDate "2016.05.28"]

1. d4 d5 2. Nf3 Nf6 3. e3 c6 4. c4 e6 5. Nbd2 c5 6. b3 cxd4 7. exd4 Nc6 8. Bb2
g6 9. Bd3 Bg7 10. O-O O-O 11. Rc1 dxc4 12. bxc4 Nh5 13. Nb3 b6 14. Ba3 Re8 15.
d5 exd5 16. cxd5 Ne5 17. Rxc8 Rxc8 18. Bb5 Nxf3+ 19. Qxf3 Rc3 20. Qg4 Nf6 21.
Qa4 Re5 22. d6 a5 23. Bb2 Re4 24. Qa3 Rc8 25. Nd4 Rc5 26. Qg3 Rxd4 27. Bxd4 Rxb5
28. Rc1 Rd5 29. Qc3 Rxd6 0-1

[Event "TCh-FRA Top 12 2016"]
[Site "Drancy FRA"]
[Date "2016.05.28"]
[Round "1.2"]
[Board "8"]
[White "Collas, Silvia"]
[Black "Steil-Antoni, Fiona"]
[Result "1-0"]
[WhiteTitle "IM"]
[BlackTitle "WIM"]
[WhiteElo "2308"]
[BlackElo "2185"]
[WhiteTeam "NICE Alekhine"]
[BlackTeam "VANDOEUVRE Echecs"]
[WhiteFideId "2902265"]
[BlackFideId "4001249"]
[EventDate "2016.05.28"]

1. Nf3 d6 2. d4 Bg4 3. e4 Nf6 4. h3 Bxf3 5. Qxf3 e5 6. dxe5 dxe5 7. Bc4 c6 8.
O-O Qc7 9. a4 Be7 10. Nc3 O-O 11. Ne2 Ne8 12. Ng3 Nd6 13. Ba2 Nd7 14. Bd2 a5 15.
Rad1 Kh8 16. Bc3 f6 17. Qg4 Nc5 18. Nf5 Nxf5 19. exf5 Rad8 20. Rde1 b5 21. axb5
cxb5 22. Re3 b4 23. Rg3 Bd6 24. Be1 e4 25. f4 Rfe8 26. Qh4 e3 27. Rff3 e2 28.
Rg4 Ne4 29. Qxh7+ 1-0

[Event "TCh-FRA Top 12 2016"]
[Site "Drancy FRA"]
[Date "2016.05.28"]
[Round "1.3"]
[Board "1"]
[White "Kovalenko, Igor"]
[Black "Salgado Lopez, Ivan"]
[Result "1/2-1/2"]
[WhiteTitle "GM"]
[BlackTitle "GM"]
[WhiteElo "2644"]
[BlackElo "2618"]
[WhiteTeam "Les Tours de Haute Picardie, SAINT QUENTIN"]
[BlackTeam "L'Echiquier Chalonnais, CHALONS-EN-CHAMPAGNE"]
[WhiteFideId "14117908"]
[BlackFideId "2257327"]
[EventDate "2016.05.28"]

1. c4 c5 2. Nf3 Nf6 3. g3 d5 4. cxd5 Nxd5 5. Nc3 Nc6 6. Bg2 g6 7. Ng5 e6 8. d3
Bg7 9. Nge4 b6 10. Qa4 Bb7 11. Bg5 f6 12. Bf4 Nxf4 13. Nxf6+ Kf7 14. gxf4 Bxf6
15. Bxc6 Bxc3+ 16. bxc3 Qf6 17. d4 Bxc6 18. Qxc6 Qxf4 19. Qb7+ Kf6 20. h4 Rab8
21. Qg2 cxd4 22. cxd4 Qxd4 23. Qg5+ Kf7 24. Rd1 Qb4+ 25. Kf1 h6 26. Qc1 Rhd8 27.
Rxd8 Rxd8 28. Rh3 Ke7 29. Qxh6 Rd1+ 30. Kg2 Qg4+ 31. Rg3 Qe4+ 32. Rf3 Qg4+ 33.
Rg3 Qe4+ 34. Rf3 Qg4+ 1/2-1/2

[Event "TCh-FRA Top 12 2016"]
[Site "Drancy FRA"]
[Date "2016.05.28"]
[Round "1.3"]
[Board "1"]
[White "Krasenkow, Michal"]
[Black "Neiksans, Arturs"]
[Result "1/2-1/2"]
[WhiteTitle "GM"]
[BlackTitle "GM"]
[WhiteElo "2610"]
[BlackElo "2627"]
[WhiteTeam "L'Echiquier Chalonnais, CHALONS-EN-CHAMPAGNE"]
[BlackTeam "Les Tours de Haute Picardie, SAINT QUENTIN"]
[WhiteFideId "1113100"]
[BlackFideId "11601388"]
[EventDate "2016.05.28"]

1. Nf3 Nf6 2. c4 b6 3. g3 c5 4. Bg2 Bb7 5. O-O g6 6. d4 cxd4 7. Qxd4 Bg7 8. Nc3
d6 9. Be3 Nbd7 10. Rac1 Rc8 11. b3 a6 12. Rfd1 O-O 13. Qd2 Rc7 14. Bh6 Qb8 15.
Bxg7 Kxg7 16. Nd5 Nxd5 17. cxd5 Nf6 18. Rxc7 Qxc7 19. Rc1 Qd7 20. Qd4 Rc8 21.
Rd1 Qb5 22. e4 Rc2 23. e5 dxe5 24. Nxe5 Qc5 25. Qxc5 Rxc5 26. b4 Rc2 27. a3 b5
28. h3 h5 29. Rd3 Rc1+ 30. Kh2 Rc2 31. Kg1 Rc1+ 32. Kh2 Rc2 1/2-1/2

[Event "TCh-FRA Top 12 2016"]
[Site "Drancy FRA"]
[Date "2016.05.28"]
[Round "1.3"]
[Board "3"]
[White "David, Alberto"]
[Black "Cossin, Sebastien"]
[Result "1-0"]
[WhiteTitle "GM"]
[BlackTitle "IM"]
[WhiteElo "2571"]
[BlackElo "2514"]
[WhiteTeam "Les Tours de Haute Picardie, SAINT QUENTIN"]
[BlackTeam "L'Echiquier Chalonnais, CHALONS-EN-CHAMPAGNE"]
[WhiteFideId "4000013"]
[BlackFideId "618802"]
[EventDate "2016.05.28"]

1. e4 c5 2. Nf3 d6 3. Bb5+ Nd7 4. O-O Nf6 5. Re1 a6 6. Bd3 e5 7. a4 Be7 8. c3
O-O 9. Bc2 Nb8 10. h3 Nc6 11. d4 exd4 12. cxd4 Nb4 13. Bb3 d5 14. exd5 Nfxd5 15.
Nc3 Be6 16. Ne4 cxd4 17. Nxd4 Bd7 18. Qf3 Nf6 19. Ng3 Bc5 20. Be3 Nc6 21. Ndf5
Bxe3 22. Qxe3 h6 23. Nxh6+ gxh6 24. Qxh6 Nh7 25. Nh5 Qg5 26. Qxg5+ Nxg5 27. Nf6+
Kg7 28. Nxd7 Nd4 29. Nxf8 Nxb3 30. Ra3 Nc5 31. Rg3 Kh6 32. Re5 Nce4 33. Re3 f6
34. Re7 1-0